Disk Operating System:dos verson 3.30/ REFERENCE (Record no. 4330)

MARC details
000 -LEADER
fixed length control field 00361nam a22001457a 4500
005 - DATE AND TIME OF LATEST TRANSACTION
control field 20180206144041.0
008 - FIXED-LENGTH DATA ELEMENTS--GENERAL INFORMATION
fixed length control field 160627b xxu||||| |||| 00| 0 eng d
041 ## - LANGUAGE CODE
Language code of text/sound track or separate title eng
082 ## - DEWEY DECIMAL CLASSIFICATION NUMBER
Item number 10678
Classification number 005.43
100 ## - MAIN ENTRY--AUTHOR NAME
Personal name Reference Manual
245 ## - TITLE STATEMENT
Title Disk Operating System:dos verson 3.30/ REFERENCE
300 ## - PHYSICAL DESCRIPTION
Number of Pages E.33
650 ## - SUBJECT ADDED ENTRY--TOPICAL TERM
Topical Term Management
942 ## - ADDED ENTRY ELEMENTS (KOHA)
Koha item type Books
Holdings
Lost status Damaged status Collection code Home library Current library Shelving location Date acquired Full call number Accession Number Koha item type
    CS/IT JRU Library JRU Library SHELF-52-A 27/06/2016 005.446 10678 Books